6 biggest cities in Namibia - Statistics

General Stats
  • This quiz has been taken 10 times
  • The average score is 2 of 6
Answer Stats
Rank Population Answer % Correct
1 268k Windhoek
100%
3 52k Walvis Bay
57%
4 33k Oshakati
14%
2 58k Rundu
14%
5 25k swakopmund
14%
6 25k Katima Mulilo
0%
No matching quizzes found
Score Distribution
Percent of People with Each Score
Percentile by Number Answered
Your Score History
You have not taken this quiz